Basic statistics for business & economics / (Record no. 92)

MARC details
000 -LEADER
fixed length control field 01537nac a22003851i 4500
003 - CONTROL NUMBER IDENTIFIER
control field EG-ScBUE
005 - DATE AND TIME OF LATEST TRANSACTION
control field 20241120105422.0
008 - FIXED-LENGTH DATA ELEMENTS--GENERAL INFORMATION
fixed length control field 080909s2006 nyua f 001 0 eng d
020 ## - INTERNATIONAL STANDARD BOOK NUMBER
International Standard Book Number 0072983965 (student ed. : alk. paper)
020 ## - INTERNATIONAL STANDARD BOOK NUMBER
International Standard Book Number 0071244611
020 ## - INTERNATIONAL STANDARD BOOK NUMBER
International Standard Book Number 9780071244619
040 ## - CATALOGING SOURCE
Original cataloging agency EG-ScBUE
Language of cataloging eng
Description conventions rda
Transcribing agency EG-ScBUE
Modifying agency EG-ScBUE
082 04 - DEWEY DECIMAL CLASSIFICATION NUMBER
Classification number 519.5
Item number LIN
Edition number 22
100 1# - MAIN ENTRY--PERSONAL NAME
9 (RLIN) 3255
Personal name Lind, Douglas A.,
Relator term author.
245 10 - TITLE STATEMENT
Title Basic statistics for business & economics /
Statement of responsibility, etc Douglas A. Lind, Coastal Carolina University and the University of Toledo, William G. Marchal, The University of Toledo, Samuel A. Wathen, Coastal Carolina University.
246 3# - VARYING FORM OF TITLE
Title proper/short title Basic statistics for business and economics
250 ## - EDITION STATEMENT
Edition statement Fifth edition.
250 ## - EDITION STATEMENT
Edition statement international edition.
264 #1 - PUBLICATION, DISTRIBUTION, ETC. (IMPRINT)
Place of publication, distribution, etc New York :
Name of publisher, distributor, etc McGraw-Hill / Irwin,
Date of publication, distribution, etc 2006.
300 ## - PHYSICAL DESCRIPTION
Extent xvi, 558 pages :
Other physical details illustrations ;
Dimensions 27 cm.
336 ## - CONTENT TYPE
Source rdacontent
Content type term text
Content type code txt
337 ## - MEDIA TYPE
Media type term unmediated
Source rdamedia
Media type code n
338 ## - CARRIER TYPE
Carrier type term volume
Carrier type code nc
Source rdacarrier
490 0# - SERIES STATEMENT
Series statement McGraw-Hill / Irwin series Business statistics
500 ## - GENERAL NOTE
General note Includes index.<br/>
650 #7 - SUBJECT ADDED ENTRY--TOPICAL TERM
Topical term or geographic name as entry element Social sciences
General subdivision Statistical methods.
Source of heading or term BUEsh
9 (RLIN) 31993
650 #7 - SUBJECT ADDED ENTRY--TOPICAL TERM
Topical term or geographic name as entry element Economics
General subdivision Statistical methods.
Source of heading or term BUEsh
9 (RLIN) 31994
650 #7 - SUBJECT ADDED ENTRY--TOPICAL TERM
Topical term or geographic name as entry element Commercial statistics.
Source of heading or term BUEsh
9 (RLIN) 31996
650 #7 - SUBJECT ADDED ENTRY--TOPICAL TERM
9 (RLIN) 31995
Topical term or geographic name as entry element Industrial management
General subdivision Statistical methods.
Source of heading or term BUEsh
653 ## - INDEX TERM--UNCONTROLLED
Arrived date list August2013
655 ## - INDEX TERM--GENRE/FORM
Form subdivision Reading book
9 (RLIN) 34232
700 1# - ADDED ENTRY--PERSONAL NAME
Personal name Marchal, William G.,
Relator term author.
9 (RLIN) 31997
700 1# - ADDED ENTRY--PERSONAL NAME
Personal name Wathen, Samuel Adamm,
Relator term author.
9 (RLIN) 31998
942 ## - ADDED ENTRY ELEMENTS (KOHA)
Koha item type Book - Borrowing
Source of classification or shelving scheme Dewey Decimal Classification
Holdings
Withdrawn status Lost status Source of classification or shelving scheme Damaged status Not for loan Collection code Home library Current library Shelving location Date acquired Source of acquisition Cost, normal purchase price Total Checkouts Full call number Barcode Date last seen Cost, replacement price Price effective from Koha item type Total Renewals Date checked out Materials specified (bound volume or other part)
    Dewey Decimal Classification     Baccah Central Library Central Library First floor 20/12/2005 Purchase 284.00 4 519.5 LIN 000004509 15/07/2025 355.00 20/12/2005 Book - Borrowing      
    Dewey Decimal Classification     Baccah Central Library Central Library First floor 20/12/2005 Purchase 284.00 7 519.5 LIN 000004563 15/07/2025 355.00 06/02/2006 Book - Borrowing      
    Dewey Decimal Classification     Baccah Central Library Central Library First floor 20/12/2005 Purchase 284.00 4 519.5 LIN 000004562 15/07/2025 355.00 06/02/2006 Book - Borrowing 3 15/02/2010  
    Dewey Decimal Classification     Baccah Central Library Central Library First floor 06/02/2015 Purchase 284.00 7 519.5 LIN 000004500 15/07/2025 355.00 15/02/2006 Book - Borrowing   10/03/2014  
    Dewey Decimal Classification     Baccah Central Library Central Library First floor 06/02/2015 Purchase 284.00 5 519.5 LIN 000004499 15/07/2025 355.00 15/02/2006 Book - Borrowing      
    Dewey Decimal Classification     Baccah Central Library Central Library First floor 06/02/2015 Purchase 284.00 2 519.5 LIN 000004498 15/07/2025 355.00 15/02/2006 Book - Borrowing 3 02/05/2017  
  Lost Dewey Decimal Classification       Central Library Central Library First floor 06/02/2015   284.00   519.5 LIN 000004497 15/02/2006 355.00 15/02/2006 Book - Borrowing     Lost In Inventory_2015-8-23
    Dewey Decimal Classification     Baccah Central Library Central Library First floor 06/02/2015 Purchase 284.00 4 519.5 LIN 000004496 15/07/2025 355.00 15/02/2006 Book - Borrowing 1 08/12/2010  
    Dewey Decimal Classification     Baccah Central Library Central Library First floor 07/07/2011 Purchase 284.00   519.5 LIN 000007524 24/08/2022 355.00 07/07/2011 CD | DVD - With book      
    Dewey Decimal Classification     Baccah Central Library Central Library First floor 07/07/2011 Purchase 284.00   519.5 LIN 000006868 24/08/2022 355.00 07/07/2011 CD | DVD - With book      
    Dewey Decimal Classification       Central Library Central Library First floor 07/07/2011   284.00   519.5 LIN 000006840 24/08/2022 355.00 07/07/2011 CD | DVD - With book     Lost In Inventory_2018-08-12
    Dewey Decimal Classification     Baccah Central Library Central Library First floor 07/07/2011 Purchase 284.00   519.5 LIN 000006801 24/08/2022 355.00 07/07/2011 CD | DVD - With book      
    Dewey Decimal Classification     Baccah Central Library Central Library First floor 07/07/2011 Purchase 284.00   519.5 LIN 000006802 24/08/2022 355.00 07/07/2011 CD | DVD - With book      
    Dewey Decimal Classification     Baccah Central Library Central Library First floor 07/07/2011 Purchase 284.00   519.5 LIN 000006803 24/08/2022 355.00 07/07/2011 CD | DVD - With book      
    Dewey Decimal Classification     Baccah Central Library Central Library First floor 07/07/2011 Purchase 284.00   519.5 LIN 000006804 24/08/2022 355.00 07/07/2011 CD | DVD - With book      
    Dewey Decimal Classification     Baccah Central Library Central Library First floor 07/07/2011 Purchase 284.00   519.5 LIN 000004561 15/07/2025 355.00 07/07/2011 NB - Book (Non borrowing)      
    Dewey Decimal Classification     Baccah Central Library Central Library First floor 07/07/2011 Purchase 284.00   519.5 LIN 000006823 24/08/2022 355.00 07/07/2011 CD | DVD - With book (NB)      
    Dewey Decimal Classification     Donation-Gift Central Library Central Library First floor 20/01/2014 Donation     519.5 LIN 000004688 15/07/2025   20/01/2014 Book - Borrowing